000
00314nam a2200121Ia 4500
008
240624s9999 xx 000 0 und d
041
_a
eng
082
_a
303.482 AZA
100
_a
AZAD SALAM
245
_a
CONTRIBUTION OF INDIA IN THE WAR OF LIBE
260
_c
2006
_a
New Delhi
_b
Bookwell Publications
365
_c
RS
999
_c
15918
_d
15918